| 000 | 01882cam a2200409 4500 | ||
|---|---|---|---|
| 001 | M1667 | ||
| 008 | 090401t1994 xxu||||| |||| 00| 0 eng d | ||
| 035 | _a(Sirsi) u33647 | ||
| 041 | _aeng | ||
| 050 | _a526.9 | ||
| 090 | _aRICS 1994/78ABC | ||
| 110 |
_aRoyal Institution of Chartered Surveyors _94900 |
||
| 245 | _aLand & Hydrographic Survey Division biennial conference, University of Nottingham, 9-11 September 1994: technical papers. | ||
| 260 |
_aLondon _bRICS _c1994 |
||
| 300 | _aca.150p. ; 3ocm. | ||
| 350 | _a0 | ||
| 520 | _aPapers printed in full:- Progress towards a national land information system for Britain./ CHAPALLAZ, N.P. - GIS and commercial property./ FISHER, P. - What is the AGI, where`s it going and what`s it doing here?/ LESLIE, S. - A review of current developments in GPS./ CURLEY, R.A. - FIG - why should I be interested?/ LEONARD, J. - Improve your CPD./ KENNIE, T. - Intelligent vehical highway systems./ HAWKSBEE, D.J. - Geodetic levelling in the Channel Tunnel./ CALVERT, C. - The RICS/DTp survey specification./ GWASPARI, J. - Looking back at looking forward./ COOTE, A. | ||
| 650 | _aABOUT RICS-RELATED ORGANISATIONS-ASSOCIATION FOR GEOGRAPHIC INFORMATION | ||
| 650 | _aBIENNIAL CONFERENCE | ||
| 650 | _aCHANNEL TUNNEL | ||
| 650 | _aPROPERTY-COMMERCIAL PROPERTY | ||
| 650 | _aCONTINUING PROFESSIONAL DEVELOPMENT | ||
| 650 | _aDTP TOPOGRAPHICAL SPECIFICATION | ||
| 650 | _aGEODETIC LEVELLING | ||
| 650 | _aGIS | ||
| 650 | _aGLOBAL POSITIONING SYSTEMS | ||
| 650 | _aHIGHWAYS AGENCY | ||
| 650 | _aHYDROGRAPHIC SURVEYING | ||
| 650 | _aINTELLIGENT VEHICLE HIGHWAY SYSTEMS | ||
| 650 | _aLAND AND HYDROGRAPHIC SURVEY DIVISION | ||
| 650 | _aLAND SURVEYING | ||
| 650 | _aNATIONAL LAND INFORMATION SERVICE | ||
| 650 | _aTOPOGRAPHICAL SPECIFICATIONS | ||
| 690 | _aLAND SURVEYING | ||
| 942 | _n0 | ||
| 948 | _c04/03/1997 | ||
| 999 |
_c89833 _d89833 |
||